000 00783nas a2200241 4500
001 BR8806884
003 BR-BrBNA
005 20231205091349.0
007 ta
008 230509b bl.|||p| |||| 00| 00por d
040 _aBR-BrBNA
_bpor
_cBiblioteca Nacional de Agricultura
041 _a(Pt)
072 _aM12
100 1 _aAlves, M.I.M.
245 1 _aAlimentacao de Macrobrachium amazonicum (Hell)em condicoes de laboratorio
246 1 _aFeeding of the Macrobrachium amazonicum (Heller)under laboratory conditions
650 _aCAMARAO CANELA
650 _aNUTRICAO ANIMAL
650 _aFITOPLANCTON
773 0 _tCiencia Agronomica (Brazil)
_xISSN 0045-6888
_g(Dec 1986), v. 17(2) p. 19-23
_wBR8806884
909 _a202311
_bLúcia
_c55
_dLúcia Elande
942 _2AGRIS
_n0
_cANA
999 _c124599
_d124599